[Event "14th HZ Open"]
[Site "Vlissingen NED"]
[Date "2010.08.12"]
[Round "7"]
[White "Duessel,U"]
[Black "Lukas,M"]
[Result "1/2-1/2"]
[WhiteElo "2271"]
[BlackElo "2035"]
[EventDate "2010.08.07"]

1. d4 Nf6 2. c4 e5 3. dxe5 Ng4 4. Bf4 Nc6 5. Nf3 Bb4+ 6. Nbd2 Qe7 7. e3 O-O
8. Be2 Ngxe5 9. O-O Bxd2 10. Nxe5 Bb4 11. Nf3 d6 12. a3 Bc5 13. b4 Bb6 14.
Qc2 h6 15. h3 a5 16. Qc3 Be6 17. Rab1 Ra7 18. Rfd1 Rfa8 19. b5 Nb8 20. Nd4
Nd7 21. Bf3 Nc5 22. Nb3 Bf5 23. Nxc5 Bxc5 24. Rb2 Be4 25. Bxe4 Qxe4 26. a4
Re8 27. Rd5 b6 28. Kh1 Bb4 29. Qc2 Bc5 30. Qxe4 Rxe4 31. Rc2 Re6 32. h4 Ra8
33. h5 Rae8 34. g3 Rf8 35. Rf5 Rfe8 36. Rd5 Rf8 37. Kg2 f5 38. Kf3 Rf7 39.
Ke2 Kf8 40. Kd3 Ke7 41. f3 Ke8 42. Rg2 Rfe7 43. Rxf5 Bxe3 44. Re2 Bc5 45.
Rxe6 Rxe6 46. Bd2 Bb4 47. Be3 Bc5 48. Bd2 Bb4 49. Bc1 Bc5 50. Bb2 Re3+ 51.
Kd2 Re7 52. Bc3 Bb4 53. Bxb4 axb4 54. Rd5 Kd7 55. g4 Re8 56. g5 Ra8 57. Kc2
Rxa4 58. gxh6 gxh6 59. Rf5 Ke7 60. Kb3 Ra1 61. Kxb4 Rh1 62. Kc3 Ke6 63. Rf8
Rxh5 64. Rh8 Rh3 65. Kd4 Rxf3 66. Rxh6+ Kd7 1/2-1/2

[Event "14th HZ Open"]
[Site "Vlissingen NED"]
[Date "2010.08.12"]
[Round "7"]
[White "Nabuurs,J"]
[Black "Colijn,E"]
[Result "1-0"]
[WhiteElo "2222"]
[BlackElo "1994"]
[EventDate "2010.08.07"]

1. e4 c5 2. Nf3 Nc6 3. d4 cxd4 4. Nxd4 e5 5. Nb5 a6 6. Nd6+ Bxd6 7. Qxd6
Qf6 8. Qxf6 Nxf6 9. Nc3 Nb4 10. Bd3 d5 11. exd5 Nxd3+ 12. cxd3 Bf5 13. Bg5
Bxd3 14. Bxf6 gxf6 15. Rd1 Bf5 16. O-O O-O-O 17. d6 Rhg8 18. Nd5 Bh3 19.
Ne7+ Kd7 20. Nxg8 Rxg8 21. Rd3 Bxg2 22. Rc1 Bc6+ 23. Rg3 Rxg3+ 24. hxg3
Kxd6 25. Kf1 f5 26. f4 f6 27. Kf2 Ke6 28. Ke3 Kf7 29. Rc5 Ke6 30. Rc2 Kf7
31. Rh2 Kg6 32. Kd3 Bf3 33. Kc4 Bc6 34. Kc5 Bf3 35. b4 Bc6 36. a3 e4 37.
Kd4 Bb5 38. Ke3 Ba4 39. Rh1 Bb5 40. Rc1 Bc6 41. Rc5 Bb5 42. Rc7 Bc6 43. Re7
h6 44. Kd4 h5 45. Rc7 Kh6 46. Rc8 Kg7 47. Rd8 Kh7 48. Ke3 Kg7 49. Rd1 Kf7
50. Ra1 Ba4 51. Rh1 Kg6 52. Rc1 Bc6 53. Rc5 Bb5 54. Kd4 Bd7 55. Rc2 Bb5 56.
Ra2 Ba4 57. Ra1 Kh6 58. Kc5 Kg6 59. Kb6 Bc6 60. a4 h4 61. gxh4 Kh5 62. b5
axb5 63. axb5 Bd5 64. Kc5 Bb3 65. Kd4 Kxh4 66. Ra7 Kg3 67. Ra3 1-0

[Event "14th HZ Open"]
[Site "Vlissingen NED"]
[Date "2010.08.12"]
[Round "7"]
[White "Thanabalasingam,A"]
[Black "Vroombout,E"]
[Result "1/2-1/2"]
[WhiteElo "1940"]
[BlackElo "2170"]
[EventDate "2010.08.07"]

1. e4 d6 2. d4 Nf6 3. Nc3 g6 4. Be3 c6 5. f3 Nbd7 6. Qd2 e5 7. g4 Qc7 8.
Nge2 a6 9. Ng3 h5 10. gxh5 Nxh5 11. Nxh5 Rxh5 12. O-O-O b5 13. f4 Nf6 14.
dxe5 dxe5 15. fxe5 Ng4 16. Bf4 Be6 17. Be2 Rd8 18. Qxd8+ Qxd8 19. Rxd8+
Kxd8 20. Rg1 Bc5 21. Rg2 Be3+ 22. Bxe3 Nxe3 23. Rg3 Rh3 24. Kd2 Rxg3 25.
hxg3 Ng4 26. Bxg4 Bxg4 27. b4 Kd7 28. Ke3 g5 29. Nb1 c5 30. bxc5 b4 31. c3
a5 32. cxb4 axb4 33. Nd2 Kc6 34. Kd4 Be6 35. Nb3 Kb5 36. Nc1 Kc6 37. Nb3
1/2-1/2

[Event "14th HZ Open"]
[Site "Vlissingen NED"]
[Date "2010.08.12"]
[Round "7"]
[White "De Wolf,J"]
[Black "De Ridder,D"]
[Result "1/2-1/2"]
[WhiteElo "2152"]
[BlackElo "1951"]
[EventDate "2010.08.07"]

1. d4 Nf6 2. Nf3 d5 3. c4 g6 4. g3 Bg7 5. Bg2 O-O 6. cxd5 Nxd5 7. O-O Bg4
8. Nc3 Nc6 9. Nxd5 Qxd5 10. Ne5 Qe6 11. Nxg4 Qxg4 12. e3 Qd7 13. Qc2 Rfd8
14. b3 Rac8 15. Bxc6 Qxc6 16. Qxc6 bxc6 17. Ba3 e5 18. dxe5 1/2-1/2

[Event "14th HZ Open"]
[Site "Vlissingen NED"]
[Date "2010.08.12"]
[Round "7"]
[White "Hekhuis,J"]
[Black "Kuijpers,J"]
[Result "1/2-1/2"]
[WhiteElo "2128"]
[BlackElo "1949"]
[EventDate "2010.08.07"]

1. c4 b6 2. Nf3 Bb7 3. Nc3 f5 4. d4 Nf6 5. e3 e6 6. a3 Be7 7. d5 Ne4 8.
Nxe4 fxe4 9. Ne5 O-O 10. dxe6 dxe6 11. Qxd8 Rxd8 12. h4 Bd6 13. Ng4 Nc6 14.
h5 Ne5 15. Nxe5 Bxe5 16. Be2 Rd7 17. O-O Rad8 18. Rb1 c5 19. b4 cxb4 20.
axb4 Bc3 21. c5 Bd5 22. Bb5 Rc7 23. cxb6 Rb7 24. Bb2 Bxb2 25. Rxb2 Rxb6 26.
Be2 Rdb8 27. Rfb1 1/2-1/2

[Event "14th HZ Open"]
[Site "Vlissingen NED"]
[Date "2010.08.12"]
[Round "7"]
[White "Rosmuller,A"]
[Black "Swijsen,L"]
[Result "0-1"]
[WhiteElo "2117"]
[BlackElo "1922"]
[EventDate "2010.08.07"]

1. d4 Nf6 2. Nf3 d5 3. c4 c6 4. Nc3 a6 5. a4 e6 6. g3 dxc4 7. Bg2 c5 8. O-O
Nc6 9. e3 Rb8 10. Qe2 b5 11. axb5 axb5 12. Rd1 Qb6 13. d5 Nxd5 14. Rxd5
exd5 15. Nxd5 Qd8 16. e4 Bd6 17. e5 Be7 18. Nf6+ gxf6 19. exf6 O-O 20. Ng5
Bxf6 21. Be4 Bxg5 22. Qh5 h6 23. h4 Qd4 0-1

[Event "14th HZ Open"]
[Site "Vlissingen NED"]
[Date "2010.08.12"]
[Round "7"]
[White "Van de Wynkele,E"]
[Black "Mundorf,J"]
[Result "1-0"]
[WhiteElo "2113"]
[BlackElo "1903"]
[EventDate "2010.08.07"]

1. e4 e6 2. d4 d5 3. Nc3 Nf6 4. e5 Nfd7 5. f4 c5 6. Nf3 Nc6 7. Be3 cxd4 8.
Nxd4 Bc5 9. Qd2 O-O 10. O-O-O a6 11. Nb3 b6 12. g4 Bb7 13. Rg1 Qe7 14. Rg3
Rad8 15. Rh3 f6 16. Nxc5 bxc5 17. Nxd5 exd5 18. Qxd5+ Kh8 19. Bd3 g6 20.
Qb3 Ndxe5 21. fxe5 Nxe5 22. Bxc5 Qxc5 23. Qxb7 Nxd3+ 24. Kb1 h5 25. gxh5
Qf5 26. hxg6+ Qxh3 27. g7+ Kg8 28. gxf8=Q+ Kxf8 29. Qxa6 Qf3 30. Qa3+ Kg7
31. Rg1+ Kh6 32. cxd3 Qf2 33. Rd1 Rg8 34. Qc3 Rg2 35. d4 Qf5+ 36. Ka1 Rc2
37. Qe3+ Kg6 38. Qe8+ Kh7 39. d5 Qxd5 40. Qe7+ Kg6 41. Qe1 Qg2 42. Qg3+ Kf5
43. Qd3+ Kg5 44. Rf1 Rc6 45. Qe3+ Kh5 46. Rg1 Re6 47. Qc5+ Kh4 48. Qd4+ Kh5
49. a3 Rd6 50. Qc5+ Rd5 51. Rxg2 Rxc5 52. b4 Rc1+ 53. Ka2 f5 1-0

[Event "14th HZ Open"]
[Site "Vlissingen NED"]
[Date "2010.08.12"]
[Round "7"]
[White "Kahleys,K"]
[Black "Roelofs,Rik"]
[Result "1-0"]
[WhiteElo "2071"]
[BlackElo "1883"]
[EventDate "2010.08.07"]

1. d4 Nf6 2. Nf3 e6 3. c4 d5 4. g3 c6 5. Bg2 Bd6 6. O-O Nbd7 7. Nc3 O-O 8.
Nd2 Bb8 9. e4 dxe4 10. Ndxe4 Nxe4 11. Nxe4 e5 12. d5 cxd5 13. cxd5 f5 14.
Ng5 Nf6 15. d6 Qxd6 16. Qb3+ Kh8 17. Nf7+ Rxf7 18. Qxf7 Bc7 19. Bh6 gxh6
20. Rfd1 Qb6 21. Rac1 Be6 22. Qxf6+ Kg8 23. Rxc7 1-0

[Event "14th HZ Open"]
[Site "Vlissingen NED"]
[Date "2010.08.12"]
[Round "7"]
[White "Reyniers,P"]
[Black "Lentjes,N"]
[Result "1-0"]
[WhiteElo "2055"]
[BlackElo "1869"]
[EventDate "2010.08.07"]

1. e4 e6 2. d4 d5 3. Nd2 c5 4. exd5 exd5 5. Ngf3 Nc6 6. dxc5 Bxc5 7. Bd3
Qe7+ 8. Qe2 Qxe2+ 9. Kxe2 Bg4 10. Nb3 Bd6 11. h3 Bxf3+ 12. Kxf3 Ne5+ 13.
Ke2 Nxd3 14. Kxd3 Ne7 15. Be3 Kd7 16. Bc5 Rac8 17. Bxa7 Nc6 18. Bc5 Bxc5
19. Nxc5+ Kd6 20. Nxb7+ Kc7 21. Nc5 Kd6 22. Nb7+ Kc7 23. Nc5 Kd6 24. Na4
Nb4+ 25. Ke2 Rxc2+ 26. Kf3 Nd3 27. Rhd1 Nxf2 28. Rac1 Rhc8 29. Rxc2 Rxc2
30. Re1 Ne4 31. Re2 Rc4 32. b3 Rc1 33. Ke3 Ke5 34. Rb2 Re1+ 35. Kd3 d4 36.
Re2 Rd1+ 37. Kc2 Ra1 38. Kd3 f5 39. b4 Rb1 40. Nb2 Kd5 41. Kc2 Ra1 42. Kb3
Rc1 43. Rc2 Re1 44. b5 Nc3 45. a4 Re6 46. Kb4 Ke4 47. a5 Re5 48. b6 Rb5+
49. Kc4 Rxa5 50. Rd2 Nb5 51. Kb4 Ra3 52. Kxb5 Rb3+ 53. Kc5 Rc3+ 54. Nc4 Rb3
55. Rxd4+ 1-0

[Event "14th HZ Open"]
[Site "Vlissingen NED"]
[Date "2010.08.13"]
[Round "8"]
[White "Burg,T"]
[Black "L'Ami,E"]
[Result "0-1"]
[WhiteElo "2449"]
[BlackElo "2620"]
[EventDate "2010.08.07"]

1. e4 e5 2. Nf3 Nc6 3. d4 exd4 4. Nxd4 Bc5 5. Nxc6 bxc6 6. Qf3 d5 7. exd5
Nf6 8. Qe2+ Kf8 9. Be3 Bxe3 10. Qxe3 cxd5 11. Nd2 Qe7 12. Qxe7+ Kxe7 13. f3
Be6 14. c4 Rhb8 15. O-O-O a5 16. Nb3 dxc4 17. Nd4 Ra6 18. Nxe6 fxe6 19.
Bxc4 Rc6 20. b3 Nd5 21. Rhe1 Nb6 22. Rd4 Nxc4 23. Rxc4 Rxc4+ 24. bxc4 Rb4
25. Re4 a4 26. Kc2 a3 27. Kd3 Kd6 28. Re2 Rb1 29. Kc3 c5 30. Kc2 Rb4 31.
Kc3 g5 32. h3 h5 33. Rd2+ Ke5 34. Re2+ Kf6 35. Rd2 h4 36. Re2 Kf5 37. Kd3
Rb8 38. Kc3 Rb1 39. Kd3 Rc1 40. Re3 Rg1 41. Re2 Kf4 42. Re4+ Kg3 43. Rg4+
Kh2 44. Rxg5 Rxg2 45. Rxc5 Kxh3 46. Ra5 Kg3 47. Rg5+ Kxf3 48. Rh5 Kg4 49.
Rh7 Rxa2 50. c5 Ra1 51. Rg7+ Kf4 52. Kd2 a2 53. Ra7 Rg1 54. Rf7+ Ke5 55. c6
a1=Q 56. c7 Rg2+ 57. Ke3 Qc3+ 0-1

[Event "14th HZ Open"]
[Site "Vlissingen NED"]
[Date "2010.08.13"]
[Round "8"]
[White "Erdos,V"]
[Black "Pruijssers,R"]
[Result "1/2-1/2"]
[WhiteElo "2592"]
[BlackElo "2462"]
[EventDate "2010.08.07"]

1. d4 Nf6 2. c4 g6 3. Nc3 Bg7 4. e4 d6 5. Bd3 O-O 6. Nge2 e5 7. d5 a5 8.
O-O Na6 9. f3 Bd7 10. Bg5 c6 11. Kh1 Nc5 12. Bc2 Qb8 13. a3 cxd5 14. cxd5
a4 15. Qe1 Rc8 16. Qh4 Ne8 17. Qf2 Qc7 18. Be3 Qd8 19. Rad1 Qe7 20. Ng3 b6
21. Qd2 Nc7 22. Bg5 Qe8 23. Nge2 Nb5 24. Be3 Nxc3 25. Nxc3 Bb5 26. Nxb5
Qxb5 27. Bb1 Nb3 28. Qf2 Na5 29. Bd3 Qb3 30. Bxb6 Nc4 31. Bxc4 Rxc4 32. Rd2
Bh6 33. Re2 Rac8 34. Ba5 Rc1 35. Bc3 R8xc3 36. bxc3 Qxc3 37. g3 Qxa3 38.
Kg2 Qd3 39. Ra2 a3 40. Rxc1 Bxc1 41. Qc2 Qe3 42. Qc7 Bb2 1/2-1/2

[Event "14th HZ Open"]
[Site "Vlissingen NED"]
[Date "2010.08.13"]
[Round "8"]
[White "Kohlweyer,B"]
[Black "Nijboer,F"]
[Result "1/2-1/2"]
[WhiteElo "2436"]
[BlackElo "2582"]
[EventDate "2010.08.07"]

1. d4 Nf6 2. c4 g6 3. Nc3 Bg7 4. e4 d6 5. Be2 O-O 6. Be3 e5 7. d5 Na6 8. g4
Nc5 9. Bf3 a5 10. h4 Qd7 11. g5 Ng4 12. Bxc5 dxc5 13. h5 f6 14. hxg6 hxg6
15. Nh3 fxg5 16. Nxg5 Qe7 17. Ne6 Bxe6 18. dxe6 Nf6 19. Nd5 Nxd5 20. cxd5
Rf4 21. a4 c4 22. Qe2 Qf6 23. Bg4 Ra6 24. f3 Rb6 25. Rc1 Rb4 26. Rxc4 Qe7
27. Qc2 Rxc4 28. Qxc4 Bf8 29. Ke2 Qb4 30. Qxb4 axb4 31. Kd3 Bd6 32. Kc4 Rf8
33. a5 Ra8 34. Kb5 Kg7 35. b3 Ra6 36. Rc1 Ra8 37. Rh1 1/2-1/2

[Event "14th HZ Open"]
[Site "Vlissingen NED"]
[Date "2010.08.13"]
[Round "8"]
[White "Guidarelli,L"]
[Black "Brandenburg,D"]
[Result "1/2-1/2"]
[WhiteElo "2433"]
[BlackElo "2514"]
[EventDate "2010.08.07"]

1. d4 d5 2. c4 e6 3. Nc3 c5 4. cxd5 exd5 5. Nf3 Nc6 6. g3 Nf6 7. Bg2 Be7 8.
O-O O-O 9. dxc5 Bxc5 10. Na4 Be7 11. Be3 Re8 12. Rc1 Bg4 13. Nd4 Qd7 14.
Nxc6 bxc6 15. Re1 Bh3 16. Bf3 Bg4 17. Bg2 Bh3 18. Bf3 Bg4 19. Bh1 Rac8 20.
Bc5 Qb7 21. Qd4 Qa6 22. e3 Bxc5 23. Nxc5 Qxa2 24. Ra1 Qc4 25. Qxc4 dxc4 26.
Nb7 Rc7 27. Nd6 Rb8 28. Nxc4 g6 29. Ne5 Rxb2 30. Bxc6 Bd7 31. Bxd7 1/2-1/2

[Event "14th HZ Open"]
[Site "Vlissingen NED"]
[Date "2010.08.13"]
[Round "8"]
[White "Freeke,M"]
[Black "Henrichs,T"]
[Result "0-1"]
[WhiteElo "2315"]
[BlackElo "2490"]
[EventDate "2010.08.07"]

1. d4 d5 2. c4 c6 3. cxd5 cxd5 4. Nf3 Nf6 5. Nc3 Nc6 6. Bf4 Bf5 7. e3 e6 8.
Qb3 Bb4 9. Bb5 Bxc3+ 10. Qxc3 O-O 11. Bxc6 Rc8 12. Ne5 Ng4 13. Nxg4 Bxg4
14. O-O Rxc6 15. Qa3 a6 16. Rfc1 Qd7 17. Rxc6 Qxc6 18. Qc5 Qxc5 19. dxc5
Rc8 20. Bd6 f6 21. b4 Bh5 22. f3 Be8 23. Kf2 Bc6 24. g4 Kf7 25. h4 Ra8 26.
Bc7 e5 27. Rd1 Ke6 28. a3 h5 29. Kg3 hxg4 30. Kxg4 Rh8 31. Rd2 Rh6 32. Kg3
Kf5 33. Bd6 Rh5 34. Rh2 Ke6 35. Rd2 Rf5 36. f4 e4 37. Kg4 Bd7 38. Kg3 Rh5
39. Rg2 Rh6 40. Kf2 Kf7 41. Rh2 Bb5 42. Kg3 Ke6 43. Kf2 d4 44. exd4 Kd5 45.
Ke3 Rg6 46. f5 Rg1 47. Bf8 Rg3+ 48. Kf2 Rf3+ 49. Ke1 e3 0-1

[Event "14th HZ Open"]
[Site "Vlissingen NED"]
[Date "2010.08.13"]
[Round "8"]
[White "Bosboom,M"]
[Black "Hoolt,S"]
[Result "1/2-1/2"]
[WhiteElo "2455"]
[BlackElo "2245"]
[EventDate "2010.08.07"]

1. c4 e5 2. a3 g6 3. b4 Bg7 4. Bb2 d6 5. e3 Be6 6. Nf3 Nf6 7. d3 a5 8. Nbd2
O-O 9. Be2 Na6 10. Bc3 axb4 11. axb4 h6 12. O-O c6 13. Qc2 Bf5 14. Qb2 Qe7
15. Nb3 Nd7 16. Na5 Rab8 17. e4 Bg4 18. Nxc6 bxc6 19. Rxa6 Bxf3 20. Bxf3
Nc5 21. Rxc6 Qd7 22. b5 Qxc6 23. bxc6 Rxb2 24. Bxb2 Rc8 25. Ba3 Rxc6 26.
Bxc5 Rxc5 27. Ra1 Rc7 28. Ra8+ Bf8 29. Bg4 Kg7 30. Bc8 Be7 31. g3 Bg5 32.
Kg2 Bd2 33. Ba6 Bc3 34. Rd8 Bb4 35. Rc8 1/2-1/2

[Event "14th HZ Open"]
[Site "Vlissingen NED"]
[Date "2010.08.13"]
[Round "8"]
[White "Bitalzadeh,A"]
[Black "Kuling,L"]
[Result "1-0"]
[WhiteElo "2415"]
[BlackElo "2208"]
[EventDate "2010.08.07"]

1. d4 Nf6 2. c4 e5 3. dxe5 Ng4 4. e3 Nxe5 5. Nc3 Nbc6 6. f4 Ng6 7. Bd3 Bc5
8. a3 a5 9. Qh5 Qh4+ 10. Qxh4 Nxh4 11. Nd5 Kd8 12. g3 Ng6 13. Nf3 f6 14. b3
Nce7 15. Nc3 d6 16. Kf2 Re8 17. Ra2 Bd7 18. Re2 Kc8 19. Rhe1 Bc6 20. Nd4
Bd7 21. Kg2 Kb8 22. Nf3 Rf8 23. e4 Bc6 24. Nd5 Nc8 25. h4 Rd8 26. h5 Nf8
27. h6 gxh6 28. Nxf6 Na7 29. a4 Nd7 30. Nd5 Nf8 31. Rh1 Be8 32. Rxh6 Rd7
33. e5 dxe5 34. Nxe5 Rd6 35. Rxd6 Bxd6 36. Nf3 Bc6 37. Nd4 Bxd5+ 38. cxd5
b6 39. Ba6 Nc8 40. Nc6+ 1-0

[Event "14th HZ Open"]
[Site "Vlissingen NED"]
[Date "2010.08.13"]
[Round "8"]
[White "Laarhoven,T"]
[Black "Leenhouts,K"]
[Result "1/2-1/2"]
[WhiteElo "2223"]
[BlackElo "2407"]
[EventDate "2010.08.07"]

1. c4 g6 2. g3 Bg7 3. Bg2 Nf6 4. Nc3 O-O 5. Nf3 d6 6. O-O Nc6 7. d3 h6 8.
a3 e5 9. Rb1 Be6 10. e4 Qd7 11. Nd5 Nh7 12. Be3 f5 13. exf5 gxf5 14. Qd2 f4
15. gxf4 Bh3 16. Ne1 Rae8 17. fxe5 Bxg2 18. Kxg2 Nxe5 19. f4 c6 20. Nc3 Ng5
21. Kh1 Qh3 22. Nc2 Ng4 23. Ne4 Nxe4 24. dxe4 Rxe4 25. Bg1 Rfe8 26. Qg2
Qxg2+ 27. Kxg2 Rxc4 28. Kg3 Rxc2 29. Kxg4 Rxb2 30. Rxb2 Bxb2 31. Rb1 Re2
32. Kf3 Rc2 33. a4 a6 34. a5 Kf7 35. Be3 d5 36. f5 h5 37. h4 d4 38. Bg5 d3
39. Re1 Ba3 40. Rd1 Rc3 41. Rb1 b5 42. axb6 d2+ 43. Ke4 Rc4+ 44. Kf3 Bc1
45. Bxd2 Bxd2 46. b7 Bf4 47. b8=Q Bxb8 48. Rxb8 a5 49. Rh8 Rxh4 50. Rh6 Rc4
51. Rxh5 a4 52. Ke3 c5 53. Kd3 Rd4+ 54. Kc3 Kf6 55. Rh6+ Ke5 56. Ra6 Rf4
57. f6 Kd5 58. f7 Rf3+ 59. Kc2 c4 60. Rxa4 Kd4 61. Ra3 Rf2+ 62. Kc1 Rf1+
63. Kc2 Rxf7 64. Rh3 Rf2+ 65. Kc1 Kc5 66. Rg3 Kb4 67. Rh3 Rg2 68. Rf3 Rg4
69. Kc2 Rh4 70. Rg3 c3 71. Rg8 1/2-1/2

[Event "14th HZ Open"]
[Site "Vlissingen NED"]
[Date "2010.08.13"]
[Round "8"]
[White "Van den Berg,Ad"]
[Black "De Jong,M"]
[Result "0-1"]
[WhiteElo "2207"]
[BlackElo "2358"]
[EventDate "2010.08.07"]

1. e4 e6 2. d4 d5 3. Nc3 Bb4 4. exd5 exd5 5. Bd3 Nc6 6. a3 Bxc3+ 7. bxc3
Qf6 8. Qh5 Qe7+ 9. Ne2 Nf6 10. Qh4 Ne4 11. Qxe7+ Nxe7 12. c4 Bf5 13. cxd5
Nxd5 14. g4 Bg6 15. f4 f5 16. c4 Nb6 17. Ng3 O-O 18. c5 Nd5 19. Bc4 Rad8
20. Nxe4 Rfe8 21. Kf2 Rxe4 22. Bxd5+ Rxd5 23. gxf5 Bxf5 24. Be3 Re6 25.
Rac1 Be4 26. Rhg1 Rh5 27. f5 Rxf5+ 0-1

[Event "14th HZ Open"]
[Site "Vlissingen NED"]
[Date "2010.08.13"]
[Round "8"]
[White "Kuipers,S"]
[Black "In 't Veld,D"]
[Result "1-0"]
[WhiteElo "2354"]
[BlackElo "2205"]
[EventDate "2010.08.07"]

1. e4 c5 2. Nf3 e6 3. d4 cxd4 4. Nxd4 a6 5. Bd3 Bc5 6. Nb3 Ba7 7. Qg4 Nf6
8. Qg3 d6 9. Nc3 Nc6 10. Bg5 h6 11. Bd2 Qe7 12. O-O-O Bd7 13. f4 O-O-O 14.
Rhe1 g5 15. Nd5 exd5 16. exd5 gxf4 17. dxc6 fxg3 18. Rxe7 Bxc6 19. hxg3
Rhg8 20. Rxf7 Nd5 21. Na5 Bd7 22. Be4 Ne3 23. Bxb7+ Kc7 24. Re1 Rxg3 25.
Nc6 Nxg2 26. Ba5+ Bb6 27. Ree7 Bxa5 28. Nxd8 Ne3 29. Rxd7+ Kb6 30. Rxd6+
Kb5 31. Bxa6+ Ka4 32. Rd4+ Bb4 33. c3 Rg2 34. Rxb4+ Ka5 35. Nc6+ Kxa6 36.
Ra7+ 1-0

[Event "14th HZ Open"]
[Site "Vlissingen NED"]
[Date "2010.08.13"]
[Round "8"]
[White "Lacrosse,M"]
[Black "Sandu,Mi"]
[Result "1-0"]
[WhiteElo "2193"]
[BlackElo "2261"]
[EventDate "2010.08.07"]

1. d4 Nf6 2. c4 c5 3. d5 e6 4. Nc3 exd5 5. cxd5 d6 6. e4 g6 7. Bd3 Bg7 8.
h3 O-O 9. Nf3 b5 10. Bxb5 Nxe4 11. Nxe4 Qa5+ 12. Nfd2 Qxb5 13. Nxd6 Qa6 14.
N2c4 Nd7 15. O-O Ne5 16. Nxe5 Qxd6 17. Nc4 Qa6 18. Ne3 Rb8 19. Qc2 Bd4 20.
Rd1 Rd8 21. a4 Bb7 22. Qe4 Qe2 23. Qc2 Ba6 24. Qxe2 Bxe2 25. Rd2 Ba6 26.
Ra3 f5 27. g3 Kf7 28. Kh2 Rd7 29. h4 Ke7 30. Kg1 Rbb7 31. Rc2 Kf6 32. Bd2
Ke5 33. Bc3 Ke4 34. Kg2 h6 35. Bxd4 cxd4 36. Rc6 dxe3 37. Rxe3+ Kxd5 38.
Rxa6 g5 39. Rd3+ Kc4 40. Rxd7 Rxd7 41. Rxh6 gxh4 42. Rxh4+ Kb3 43. Rf4 Rd5
44. Kh3 Ra5 45. Kh4 Kxb2 46. Kg5 Kb3 47. Rxf5 Rxa4 48. f4 a5 49. g4 Ra1 50.
Rb5+ Kc4 51. Rb8 a4 52. f5 a3 53. Ra8 Kd5 54. Kf6 a2 55. g5 Rb1 56. Rxa2
Rb7 1-0

[Event "14th HZ Open"]
[Site "Vlissingen NED"]
[Date "2010.08.13"]
[Round "8"]
[White "Verduyn,F"]
[Black "Van den Doel,E"]
[Result "0-1"]
[WhiteElo "2195"]
[BlackElo "2591"]
[EventDate "2010.08.07"]

1. Nf3 Nf6 2. c4 e6 3. Nc3 Bb4 4. Qc2 c5 5. g3 O-O 6. Bg2 Nc6 7. O-O d6 8.
d3 h6 9. a3 Ba5 10. h3 a6 11. Rb1 Rb8 12. Na2 Nd4 13. Nxd4 cxd4 14. e3 Bb6
15. exd4 Bxd4 16. Nc3 e5 17. Ne2 Ba7 18. d4 exd4 19. Qd3 Nd7 20. Nxd4 Ne5
21. Qd1 Qf6 22. Nf3 Nxc4 23. g4 b5 24. b3 Ne5 25. Bb2 Bb7 26. Nd4 Bxd4 27.
Bxd4 Bxg2 28. Kxg2 Qf4 29. f3 Rbc8 30. Bf2 Ng6 31. Rb2 Qe5 32. Rd2 Nf4+ 33.
Kh2 Rc1 34. Qxc1 Ne2+ 35. Kg2 Nxc1 36. Rxc1 f5 37. Re1 Qc3 38. Rxd6 fxg4
39. Re3 gxf3+ 40. Kf1 Qc1+ 41. Re1 Qg5 42. Ree6 Rc8 0-1

[Event "14th HZ Open"]
[Site "Vlissingen NED"]
[Date "2010.08.13"]
[Round "8"]
[White "Roeder,M"]
[Black "Meertens,Mart"]
[Result "1-0"]
[WhiteElo "2392"]
[BlackElo "2133"]
[EventDate "2010.08.07"]

1. Nf3 Nf6 2. c4 c6 3. d4 d5 4. Nc3 dxc4 5. a4 Bf5 6. Ne5 Nbd7 7. Nxc4 e6
8. g3 Bb4 9. Bg2 O-O 10. O-O Re8 11. a5 e5 12. a6 bxa6 13. Rxa6 e4 14. Qa4
Bxc3 15. bxc3 Nb6 16. Nxb6 axb6 17. Bg5 b5 18. Qa3 Rxa6 19. Qxa6 Qd6 20.
Bxf6 Qxf6 21. e3 Qe6 22. Rc1 Qc8 23. Qb6 Bd7 24. Ra1 h6 25. Ra7 Bh3 26.
Bxh3 Qxh3 27. Qxc6 Re6 28. Qc8+ Kh7 29. Rxf7 Qg4 30. Kg2 Qg6 31. Rf8 1-0

[Event "14th HZ Open"]
[Site "Vlissingen NED"]
[Date "2010.08.13"]
[Round "8"]
[White "Hoffman,Ro"]
[Black "Afek,Y"]
[Result "0-1"]
[WhiteElo "2128"]
[BlackElo "2310"]
[EventDate "2010.08.07"]

1. d4 Nf6 2. c4 g6 3. Nc3 Bg7 4. e4 O-O 5. h3 c5 6. d5 e6 7. Bd3 exd5 8.
exd5 d6 9. Nf3 Re8+ 10. Kf1 Na6 11. g4 Nc7 12. a4 b6 13. Kg2 a6 14. Bg5 Bb7
15. Qd2 b5 16. cxb5 axb5 17. Bxb5 Nxb5 18. axb5 Qd7 19. Bf4 Rxa1 20. Rxa1
h5 21. g5 Ne4 22. Qd3 Qf5 23. Nxe4 Rxe4 24. Bxd6 Rg4+ 0-1

[Event "14th HZ Open"]
[Site "Vlissingen NED"]
[Date "2010.08.13"]
[Round "8"]
[White "Wahedi,A"]
[Black "Van de Wynkele,E"]
[Result "1-0"]
[WhiteElo "2295"]
[BlackElo "2113"]
[EventDate "2010.08.07"]

1. Nf3 d6 2. e4 e5 3. d4 Nd7 4. Bc4 Be7 5. dxe5 Nxe5 6. Nxe5 dxe5 7. Qh5 g6
8. Qxe5 f6 9. Qb5+ c6 10. Qb3 Kd7 11. O-O 1-0

[Event "14th HZ Open"]
[Site "Vlissingen NED"]
[Date "2010.08.13"]
[Round "8"]
[White "Wittenberg,A"]
[Black "Provoost,S"]
[Result "1-0"]
[WhiteElo "2143"]
[BlackElo "2255"]
[EventDate "2010.08.07"]

1. d4 e6 2. g3 f5 3. Bg2 Nf6 4. Nf3 Be7 5. c4 O-O 6. O-O d6 7. b4 Qe8 8.
Bb2 Nc6 9. b5 Nd8 10. Qb3 Qh5 11. Nbd2 Nf7 12. a4 e5 13. dxe5 dxe5 14. Nxe5
Nxe5 15. Bxe5 Qxe2 16. Nf3 Be6 17. Rac1 Bc5 18. Rc2 Qe4 19. Bxf6 Rxf6 20.
Ng5 Qe5 21. Nxe6 Rxe6 22. Bd5 Rae8 23. Qf3 c6 24. bxc6 bxc6 25. Bxc6 1-0

[Event "14th HZ Open"]
[Site "Vlissingen NED"]
[Date "2010.08.13"]
[Round "8"]
[White "Heltzel,J"]
[Black "Kahleys,K"]
[Result "1/2-1/2"]
[WhiteElo "2250"]
[BlackElo "2071"]
[EventDate "2010.08.07"]

1. d4 d5 2. c4 c6 3. Nf3 Nf6 4. Nc3 a6 5. Qb3 dxc4 6. Qxc4 b5 7. Qd3 e6 8.
Bg5 Nbd7 9. e4 Qa5 10. e5 Nd5 11. Be2 c5 12. O-O c4 13. Qe4 Bb7 14. Nxd5
Bxd5 15. Qg4 Qb6 16. Nd2 f6 17. exf6 Nxf6 18. Bxf6 gxf6 19. Bf3 O-O-O 20.
Bxd5 Rxd5 21. Nf3 Be7 22. Rfe1 Kd7 23. Re3 h5 24. Qg7 Qd8 25. Rae1 Rd6 26.
Qg6 Qg8 27. Qc2 Qh7 28. Qe2 Qf5 29. Nh4 Qg4 30. Qxg4 hxg4 31. Ng6 Rh6 32.
Nf4 Rxd4 33. Nxe6 Rd2 34. R3e2 Rxe2 35. Rxe2 f5 36. Nd4 Rf6 1/2-1/2

[Event "14th HZ Open"]
[Site "Vlissingen NED"]
[Date "2010.08.13"]
[Round "8"]
[White "Goldschmidt,C"]
[Black "Oosterom,E"]
[Result "1-0"]
[WhiteElo "2249"]
[BlackElo "2109"]
[EventDate "2010.08.07"]

1. e4 e5 2. Nf3 Nc6 3. Bc4 Nf6 4. Ng5 d5 5. exd5 Na5 6. Bb5+ c6 7. dxc6
bxc6 8. Be2 h6 9. Nf3 e4 10. Ne5 Bc5 11. f4 Qb6 12. Rf1 Bg1 13. d4 Bxd4 14.
Nc3 Qb4 15. a3 Qd6 16. Be3 Bxe5 17. fxe5 Qxe5 18. Bf4 Qe6 19. Qd4 Nb7 20.
O-O-O O-O 21. Bc4 c5 22. Bxe6 cxd4 23. Bxc8 Raxc8 24. Rxd4 Nc5 25. Bxh6 Ng4
26. Bf4 f5 27. h3 Nf6 28. Bd6 Nh5 29. Bxf8 Rxf8 30. Rd6 Ng3 31. Re1 f4 32.
b4 f3 33. gxf3 exf3 34. bxc5 f2 35. Red1 f1=Q 36. Rxf1 Nxf1 37. c6 Rc8 38.
Nd5 Kf7 39. c7 1-0

[Event "14th HZ Open"]
[Site "Vlissingen NED"]
[Date "2010.08.13"]
[Round "8"]
[White "Haast,A"]
[Black "Reyniers,P"]
[Result "1-0"]
[WhiteElo "2240"]
[BlackElo "2055"]
[EventDate "2010.08.07"]

1. e4 c5 2. Nf3 d6 3. d4 cxd4 4. Nxd4 Nf6 5. Nc3 a6 6. Be3 e5 7. Nb3 Be6 8.
f3 Be7 9. Qd2 Nbd7 10. g4 O-O 11. O-O-O b5 12. Rg1 b4 13. Nd5 Bxd5 14. exd5
Nb6 15. Na5 Nfxd5 16. Nc6 Qc7 17. Nxe7+ Qxe7 18. Bxb6 Nxb6 19. Qxb4 Qg5+
20. f4 Qxf4+ 21. Qxf4 exf4 22. Rxd6 Rab8 23. Bxa6 f5 24. g5 Rfd8 25. Rxd8+
Rxd8 26. Rf1 Rd4 27. c3 Ra4 28. Bd3 g6 29. Bc2 Ra5 30. Rxf4 Kf7 31. Bb3+
Ke7 32. Rh4 Kd6 33. Rxh7 f4 34. h4 Ke5 35. Re7+ Kf5 36. Be6+ Ke4 37. Bg4+
Kd5 38. Bf3+ Kd6 39. Rf7 Ke5 40. h5 gxh5 41. g6 Ke6 42. Rxf4 Rg5 43. Bxh5
Rxh5 44. Rg4 1-0